000 00365nam a2200133Ia 4500
008 220217s9999||||xx |||||||||||||| ||und||
020 _a0-07-463443-7
082 _a005.13 VEN
100 _aVenugopal, K.R Prasad, Sudeer, R
245 0 _aProgramming with C
260 _aTata mcgraw hill
_bNew Delhi
_c2003
300 _b180
650 _aPROGRAMMING LANGUAGE
999 _c171349
_d171349